Parlare di Dio: posibilità, percorsi, fraintendimenti
Guardado en:
| Autor principal: | |
|---|---|
| Formato: | Libro |
| Lenguaje: | italiano |
| Publicado: |
Milán
San Pablo
2002
|
| Edición: | 1a. ed |
| Colección: | Associazione Teologica Italiana, 4
|
| Materias: | |
| Etiquetas: |
Agregar Etiqueta
Sin Etiquetas, Sea el primero en etiquetar este registro!
|
MARC
| LEADER | 00000cam a2200000 a 4500 | ||
|---|---|---|---|
| 001 | UCE7936 | ||
| 003 | CL-VaPUC | ||
| 008 | 150710e20020000it |||||||||||||||||ita|d | ||
| 020 | |a 8821545598 | ||
| 082 | 0 | 4 | |a 220.7 |b MAZ |2 21 |
| 100 | |a Mazzillo, Giovanni |e autor |9 580632 | ||
| 245 | 1 | 0 | |a Parlare di Dio: posibilità, percorsi, fraintendimenti |
| 250 | |a 1a. ed | ||
| 300 | |a 173 p | ||
| 942 | |c BK | ||
| 945 | |d 20150710 13:45:00 |a gsalatino | ||
| 260 | |a Milán |b San Pablo |c 2002 | ||
| 600 | 0 | |a Dios |9 314467 | |
| 650 | 0 | |a Teología |9 258766 | |
| 650 | 0 | |a Biblia |9 257603 | |
| 650 | 7 | |a COMENTARIOS |2 CL-VaPUC |9 313567 | |
| 650 | 0 | |a Interpretación |9 258846 | |
| 583 | |a last modification |c 20150710 13:45:00 |k Rodrigo Vera | ||
| 490 | 0 | |a Associazione Teologica Italiana, 4 | |
| 999 | |c 359893 |d 359891 | ||
| 952 | |0 0 |1 0 |3 erb |4 0 |6 220_700000000000000_MAZ_2002 |7 0 |8 A |9 469487 |a BIBTEO |b BIBTEO |e Casale Rolle, Carlos Ignacio, -2014 |i 5183456 |o 220.7 MAZ 2002 |p 5183456 |r 2025-01-17 |w 2019-11-23 |y BK |z Catalogado en:20150710 |k ICR | ||